000 00505nam a2200193Ia 4500
005 20250508163332.0
008 008 250505s9999 xx 000 0 eng d
020 _a0 19 875015-3
037 _aTextual
040 _aFEDL
_beng
_cFEDL
041 _aeng
_2eng
084 _a401, SEA
_qFEDL
100 _aSearle J R Ed.
245 0 _aPhilosophy of language
260 _aOxford
_bOxford University Press
_c1979
300 _a148p
942 _cTEXL
_h401, SEA
999 _c1382389
_d1382389